Princesse Disney - Statistiques

Statistiques générales
  • Ce quiz a été pris 3 012 fois
    2 829 depuis la dernière actualisation
  • Le résultat moyen est 12 sur 16
Statistiques - réponses
Hint Réponse % Correct
2 Cendrillon
95%
1 Blanche Neige
94%
3 Aurore
93%
10 Raiponce
89%
6 Belle
88%
8 Mulan
85%
12 Elsa
84%
4 Ariel
83%
13 Anna
80%
9 Tiana
77%
7 Pocahontas
76%
14 Vaiana
75%
5 Jasmine
73%
11 Merida
69%
16 Raya
47%
15 Vanellope
25%
Aucun quiz correspondant
Distribution des résultats
% des personnes avec chaque résultat
Percentile par nombre de réponses
Votre historique - résultats
Vous n’avez pas pris ce quiz depuis la dernière actualisation